Natural English Pre -intermediate resource book. Reading writing skills

Đã lưu trong:
Sonraí Bibleagrafaíochta
Príomhúdar: Clementson, Theresa
Formáid: Leabhar
Foilsithe: Oxford Oxford Univ. Press 2005
Ábhair:
Clibeanna: Cuir Clib Leis
Gan Chlibeanna, Bí ar an gcéad duine leis an taifead seo a chlibeáil!
Thư viện lưu trữ: Trung tâm Học liệu Lê Vũ Hùng, Trường Đại học Đồng Tháp
LEADER 00883pam a22003138a 4500
001 00027929
005 20171026081022.0
008 111221s2005 ||||||Engsd
020 # # |a 9780194388627 
041 0 # |a Eng 
082 1 4 |a 428  |b N110E 
100 1 # |a Clementson, Theresa 
245 1 0 |a Natural English  |b Pre -intermediate resource book. Reading writing skills  |c Theresa Clementson 
260 # # |a Oxford  |b Oxford Univ. Press  |c 2005 
300 # # |a 63p.  |b ill.  |c 30cm. 
653 # # |a thực hành anh ngữ 
653 # # |a tiếng Anh 
653 # # |a viết 
653 # # |a đọc 
852 # # |b Kho mượn  |j KM.0009615 
852 # # |b Kho đọc  |j KD.0012902 
852 # # |j KD.0012904  |j KM.0009615 
910 0 # |d 21/12/2011 
980 # # |a Trung tâm Học liệu Lê Vũ Hùng, Trường Đại học Đồng Tháp